02044nam a2200277 u 450000100070000000500170000700800410002402000150006503500110008003500210009104000130011204100080012508200080013310000340014124500780017526000570025330000180031052011860032865000220151465000440153665000330158065000330161365000440164665000420169070000340173267795520260506091458.0010731s1977 eng  a0155076744 a677955 a(OCoLC)318324828 ccomduadb aeng 4a42810aAllen, Edward David4auteaut10aClassroom techniques : foreing languages and english as a second language aUnited States :bHarcourt Brace Jovanovich,c©1977. a418 páginas3 aThe aim of the handbook, which is a revised and expanded edition of "Modern Language Classroom Techniques" (1972), is to show the teacher ways of implementing and supplementing existing materials. The suggested teaching procedures may be used with classes of varying sizes and levels, and with any method. Part One of this handbook presents an overview of the language class. Ways of preparing supplementary materials are briefly reviewed. A variety of procedures for classroom management is suggested. Part Two focuses on specific techniques for teaching the language itself, the sound system, grammar, and vocabulary. For the sake of simplicity, traditional grammar terminology has been used. Part Three presents ways of developing the skills of listening, speaking, reading, and writing. The aim of these procedures is to build up the student's ability to use the language as a vehicle for meaningful communication. The final section, Part Four, offers some suggestions for teaching culture, both daily life patterns and general civilization. The appendix contains sample lesson plans that show how several procedures and techniques may be integrated into a single class period. aLanguage teaching 7aAdquisición de segundo lenguaje2lemb aEnglish as a second language aInglés como segunda lengua 7aAdquisición de segundo lenguaje2lemb 7aLenguaje y lenguasxEnseñanza2lemb10aValette, Rebecca M.4auteaut